000 00768nam a2200253 a 4500
001 00001027
008 110328s1975 njua g 000 0 eng d
020 _a0130188123
040 _aBD-DhIUB
_cBD-DhIUB
082 0 4 _a338.10973
_219
100 1 _aSnodgrass, Milton M.
245 0 0 _aAgriculture, economics, and resources management /
_cMilton M. Snodgrass, L.T. Wallace
250 _a1st ed.
260 _aEnglewood Cliffs, New Jersey :
_bPrentice-Hall Inc,
_c1975.
300 _axi, 521 p. :
_bill. ;
_c23.4 cm.
520 0 _aEconomics
556 _a1994-08-14
650 1 7 _aEconomics
_2Spines
650 1 7 _aAgriculture
_2Spines
650 1 7 _aResources management
_2Spines
700 1 _aWallace, L.T.
999 _c10896
_d10896
526 _bgm